| 000 | 04509cam a22007694i 4500 | ||
|---|---|---|---|
| 003 | PE-LiUPU | ||
| 005 | 20250731180117.0 | ||
| 008 | 150602s2011 sp a rb 000 0 spa d | ||
| 020 | _a9788476535882 | ||
| 035 | _a(Sirsi) i9788476535882 | ||
| 040 |
_aPE-LiUPU _bspa _cPE-LiUPU _erda |
||
| 049 | _aPRUA | ||
| 082 | 0 | 4 |
_a532 _bB39 _220 |
| 082 | 0 | 4 |
_a532 _bB39 2011 |
| 100 | 1 |
_aBergadà Graño, Josep M., _eautor. |
|
| 245 | 1 | 0 |
_aMecánica de fluidos : _bproblemas resueltos / _cJosep M. Bergadà Graño. |
| 250 | _aPrimera edición. | ||
| 264 | 1 |
_aBarcelona : _bIniciativa Digital Politècnica, _c2011. |
|
| 300 |
_a414 páginas : _bilustraciones ; _c25 centímetros |
||
| 336 |
_atext _2rdacontent |
||
| 337 |
_aunmediated _2rdamedia |
||
| 338 |
_avolume _2rdacarrier |
||
| 490 |
_aUPCGRAU; _v4 |
||
| 504 | _aBibliografía : páginas 413-414. | ||
| 505 | _aPropiedades de los fluidos -- Tensión y deformación en medios continuos -- Estática -- Ecuación de continuidad -- Ecuación de cantidad de movimiento -- Ecuación de momento cinético -- Ecuación de la energía -- Flujo con viscosidad dominante -- Análisis adimensional -- Sistemas de tuberías -- Capa límite - Flujo externo -- Flujo no estacionario -- Gas dinámica. | ||
| 526 | _aSEG44 | ||
| 526 | _aSEG26 | ||
| 526 | _aP159 | ||
| 526 | _aP155 | ||
| 526 | _aP154 | ||
| 526 | _aP153 | ||
| 526 | _aP150 | ||
| 526 | _aP100 | ||
| 526 | _aP31 | ||
| 526 | _aP30 | ||
| 526 | _aP26 | ||
| 526 | _aP25 | ||
| 526 | _aP24 | ||
| 526 | _aP22 | ||
| 526 | _aP15 | ||
| 526 | _aP10 | ||
| 541 | _g043-0014413; | ||
| 541 | _g423-0000040; | ||
| 541 | _gF001-000833; | ||
| 650 | 0 | 4 | _aMecánica de fluidos. |
| 650 | 0 | 4 |
_aMecánica de fluidos _xProblemas. _2embne |
| 910 |
_acce _bjvq _ccce _d20150602 |
||
| 910 |
_agavs _d20181002 |
||
| 942 |
_2ddc _cBOOK |
||
| 949 |
_a532 B39 _wDEWEY _c1 _i71113 _d2015-10-14 _e2015-10-14 _lCCODEBUL1 _mBUL _n1 _p29.50 _r0 _sY _tBOOK _u2015-6-2 _xINGENIERIA _PP25 _0COMPRA _o.STAFF. Colección General |
||
| 949 |
_a532 B39 _wDEWEY _c1 _iFJ00431 _lCCODEBUJ1 _mBUJ _p42.00 _r0 _sY _tBOOK _u2016-6-15 _xINGENIERIA _PP25 _0COMPRA _o.STAFF. Colección General Juliaca |
||
| 949 |
_a532 B39 _wDEWEY _c2 _i71114 _lCCODEBUL1 _mBUL _p29.50 _r0 _sY _tBOOK _u2015-6-2 _xINGENIERIA _PP25 _0COMPRA _o.STAFF. Colección General |
||
| 949 |
_a532 B39 _wDEWEY _c3 _i71115 _lCCODEBUL1 _mBUL _p29.50 _r0 _sY _tBOOK _u2015-6-2 _xINGENIERIA _PP25 _0COMPRA _o.STAFF. Colección General |
||
| 949 |
_a532 B39 _wDEWEY _c4 _i71116 _d2016-8-17 _e2016-8-15 _lCCODEBUL1 _mBUL _n1 _p29.50 _r0 _sY _tBOOK _u2015-6-2 _xINGENIERIA _PP25 _0COMPRA _o.STAFF. Colección General |
||
| 949 |
_a532 B39 2011 _wDEWEY _c1 _iFT03965 _lCCODEBUT1 _mBUT _p{dolar}52.50 _r0 _sY _tBOOK _u2018-10-02 _xFIA _PP24 _0COMPRA _o.STAFF. Colección General Tarapoto |
||
| 949 |
_a532 B39 _wDEWEY _c2 _iFJ12568 _lCCODEBUJ1 _mBUJ _p30.00 _r0 _sY _tBOOK _u2019-02-06 _xINGENIERIA _PP25 _0COMPRA _o.STAFF. Colección General Juliaca |
||
| 994 |
_aC0 _bPEPRU |
||
| 596 | _a1 2 3 | ||
| 999 |
_a532 B39 _wDEWEY _c31257 _i71113 _d31257 _e2015-10-14 _f2021-11-9 _g7 _lCCODEBUL1 _mBUL _n1 _p29.50 _q1 _r0 _sY _tBOOK _u2015-6-2 _xINGENIERIA _PP25 _0COMPRA _o.STAFF. Colección General |
||
| 999 |
_a532 B39 _wDEWEY _c2 _i71114 _d2019-4-30 _f2021-11-9 _g7 _lCCODEBUL1 _mBUL _p29.50 _q1 _r0 _sY _tBOOK _u2015-6-2 _xINGENIERIA _PP25 _0COMPRA _o.STAFF. Colección General |
||
| 999 |
_a532 B39 _wDEWEY _c3 _i71115 _f2021-11-9 _g7 _lCCODEBUL1 _mBUL _p29.50 _r0 _sY _tBOOK _u2015-6-2 _xINGENIERIA _PP25 _0COMPRA _o.STAFF. Colección General |
||
| 999 |
_a532 B39 _wDEWEY _c4 _i71116 _d2018-4-25 _e2018-4-25 _f2021-11-9 _g7 _lCCODEBUL1 _mBUL _n5 _p29.50 _q1 _r0 _sY _tBOOK _u2015-6-2 _xINGENIERIA _PP25 _0COMPRA _o.STAFF. Colección General |
||
| 999 |
_a532 B39 _wDEWEY _c1 _iFJ00431 _d2019-5-15 _e2019-5-13 _f2022-1-19 _g3 _lCCODEBUJ1 _mBUJ _n3 _p42.00 _q6 _r0 _sY _tBOOK _u2016-6-15 _xINGENIERIA _PP25 _0COMPRA _o.STAFF. Colección General Juliaca |
||
| 999 |
_a532 B39 2011 _wDEWEY _c1 _iFT03977 _f2019-2-20 _g1 _lCCODEBUT1 _mBUT _p103.60 _r0 _sY _tBOOK _u2018-10-2 _xINGENIERIA _PP24 _0COMPRA _1FCOMPR2 _o.STAFF. Colección General Tarapoto |
||
| 999 |
_a532 B39 2011 _wDEWEY _c1 _iFJ12568 _d2019-3-7 _f2022-1-19 _g3 _lCCODEBUJ1 _mBUJ _p42.00 _q1 _r0 _sY _tBOOK _u2019-2-6 _xINGENIERIA _PP25 _0COMPRA _1FCOMPR2 _o.STAFF. Colección General Juliaca |
||
| 980 |
_81 _gALBERTO SANCHEZ Responsable de Automatización |
||